000 00227 a2200097 4500
001 32696
100 _aLevarllant, M
245 _aThe passionate exiles
260 _aNewyork
_bFarrar, Strous & Cudahy
_c
090 _c21897
_d21897
942 _aNUST-CAE
_cM
_c13221
999 _c267769
_d267769